Biblioteca

Recalling our own stories : (Registro nro. 66471)

Detalles MARC
000 -LÍDER
Campo fijo de descripción fija 01802cam a2200361 i 4500
001 - NÚMERO DE CONTROL
Campo de control 768714001
003 - IDENTIFICADOR DEL NÚMERO DE CONTROL
Campo de control CO-MdFUSB
005 - FECHA Y HORA DE LA ULTIMA TRANSACCIÓN
control field 20250829083554.0
007 - CAMPO FIJO DE DESCRIPCIÓN FIJA--INFORMACIÓN GENERAL
Campo fijo de descripción fija ta
008 - ELEMENTOS DE LONGITUD FIJA -- INFORMACIÓN GENERAL
Campo fijo de descripción fija -- Información general 961119t19971997cau b 001 0 eng
010 ## - NÚMERO DE CONTROL DE LA BIBLIOTECA DEL CONGRESO
Número de control LC 96051202
020 ## - NÚMERO INTERNACIONAL NORMALIZADO PARA LIBROS
Número Internacional Normalizado del libro 0-7879-0363-9
040 ## - FUENTE DE CATALOGACIÓN
Agencia que realiza la transcripción CO-MdFUSB
041 ## - CÓDIGO DE IDIOMA
Código de idioma para texto/pista de sonido o título separado eng
082 ## - NÚMERO DE CLASIFICACIÓN DECIMAL DEWEY
Número de la edición del Dewey 23
Número de clasificación 248.89
Clave de autor-Numero de item W757
100 1# - ASIENTO PRINCIPAL--NOMBRE PERSONAL
Nombre personal Wimberly, Edward P.,
Fechas asociadas con el nombre 1943-
Término relacionador autor
245 10 - TÍTULO
Título del Material Recalling our own stories :
Parte restante del título - Subtitulo spiritual renewal for religious caregivers
Mención de responsabilidad, etc. / Edward P. Wimberly.
250 ## - MENCIÓN DE EDICIÓN
Mención de edición primera edición
264 #1 - PRODUCCIÓN, PUBLICACIÓN, DISTRIBUCIÓN, MANUFACTURA, Y COPYRIGHT
Lugar de producción, publicación, distribución, manufactura San Francisco, Calif. :
Nombre del productor, publicador, distribuidor Jossey-Bass Publishers,
Fecha de producción, publicación, distribución, manufactura, o copyright [1997]
264 #4 - PRODUCCIÓN, PUBLICACIÓN, DISTRIBUCIÓN, MANUFACTURA, Y COPYRIGHT
Fecha de producción, publicación, distribución, manufactura, o copyright ©1997
300 ## - DESCRIPCIÓN FÍSICA
Extensión 156 páginas ;
Dimensiones 23 cm.
336 ## - TIPO DE CONTENIDO
Término de tipo de contenido texto
Código de tipo de contenido txt
Fuente rdacontent
337 ## - TIPO DE MEDIO
Nombre del tipo de medio sin mediación
Código del tipo de medio n
Fuente rdamedia
338 ## - TIPO DE SOPORTE
Nombre del tipo de soporte volumen
Código Tipo de soporte nc
Fuente rdacarrier
504 ## - NOTA DE BIBLIOGRAFÍA, ETC.
Nota de bibliografía, etc Incluye referencias bibliográficas (páginas 143-146) e índice.
505 ## - NOTA DE CONTENIDO
Nota de contenido con formato preestablecido Ser llamado de nuevo: encontrar la reposición espiritual en nuestras propias historias - Mitos personales: historias que nos empoderan o nos dejan vulnerables - Mitos matrimoniales y familiares: historias que afectan nuestras relaciones con los seres queridos - Mitos del ministerio: historias que ayudan u obstaculizan nosotros al servir a Dios - La posibilidad de cambio: reautorizando los mitos que nos unen - Suzanne: permitiendo que emerja el verdadero ser - Santiago y esperanza: entendiendo quién nos llamó al ministerio - Blanch y Henry: viendo a nuestros cónyuges por quién ellos son - Zelda y David: aprovechando los momentos intermedios cuando el cambio es posible - De caminar herido a sanador herido: qué esperar en el viaje.
563 ## - NOTA DE ENCUADERNACIÓN
Nota de encuadernación Rústico
650 #0 - ASIENTO SECUNDARIO DE MATERIA - TERMINO TEMÁTICO
9 (RLIN) 19
Término temático o nombre geográfico como elemento de entrada Vida cristiana
650 #0 - ASIENTO SECUNDARIO DE MATERIA - TERMINO TEMÁTICO
9 (RLIN) 51
Término temático o nombre geográfico como elemento de entrada Vida espiritual
942 ## - TIPO DE MATERIAL (KOHA)
Tipo de Item KOHA Libros General
945 ## - INFORMACIÓN LOCAL DEL REGISTRO
Catalogador JTF-925
Existencias
Estado de Material Estado de Perdido Forma de Clasificación Estado de Dañado No para Préstamo Colección Biblioteca de Origen Biblioteca Permanente Fecha de Adquisición Área Total de Préstamos Signatura Topográfica Código de Barras Última vez visto Ejemplar/Existencia Fecha de Remplazo Tipo de Material
    Dewey Decimal Classification     Colección General Biblioteca FUSBC Biblioteca FUSBC 06/07/2020 VIDA CRISTIANA   G 248.89 W757r 1820 06/07/2020 Ej.1 06/07/2020 Libros General

Biblioteca FUSBC | Teléfono: (57+4) 349 88 10 Ext. 141| WhatsApp (+57) 3005338115 
E-mail: biblioteca@unisbc.edu.co | Calle 76 87-14 Robledo Palenque, Medellín, Colombia

Con tecnología Koha